Встреча Красной армии в г. Слониме (Западная Белоруссия) и в г. Львове (Западная Украина)

RUSMARC
00005405cgm0a2200349#x 450
00188cfac0e-7aea-427a-9aeb-659aa6d4c082
00520230606164637.0
100##$a20210903e20##1939k###0rusy50 ca
1010#$arus
102##$aRU
115##$aa005aa|||b|||||||xx|
1220#$ad193909####
2001#$aВстреча Красной армии в г. Слониме (Западная Белоруссия) и в г. Львове (Западная Украина)
$j[Сентябрь 1939 г.]
251##$cДокумент
300##$aПродолжительность: 4 мин 22 с. Черно-белый, звуковой
300##$aФрагмент кинофильма "На освобожденной земле". 1939 г. Московская студия кинохроники. Операторы: П. Лампрехт, И. Вейнерович, В. Цитрон, М. Кауфман
371##$aКопирование пользователями не разрешается
605##$aВторая мировая война в архивных документах (Комплекс оцифрованных архивных документов, кино- и фотоматериалов)
$lколлекция
$2acquisition_Prlib
$3LIBNET\UAF\0000088514
605##$aРоссия - Беларусь: из истории взаимоотношений
$lколлекция
$2acquisition_Prlib
$3LIBNET\UAF\0000107215
607##$2prlib_sh
$3LIBNET\UAF\0000092519
$aУкраина Западная
$xПрисоединение к СССР
$z1939
$jКинохроника
607##$2prlib_sh
$3LIBNET\UAF\0000092520
$aБелоруссия Западная
$xПрисоединение к СССР
$z1939
$jКинохроника
607##$2prlib_sh
$3LIBNET\UAF\0000092259
$aЛьвов, город (Украина)
$xИстория
$z1939
$jКинохроника
607##$2prlib_sh
$3LIBNET\UAF\0000096903
$aСлоним, город (Белоруссия)
$xИстория
$z1939
$jКинохроника
608##$2prlib_sh
$3DITM\AF\0000002533
$aИсторические документальные фильмы
617##$aБелоруссия
$f1939
$2prlib_sh
617##$aУкраина
$f1939
$2prlib_sh
686##$a63.3(2)621-6я04
$vLBC/M
$2rubbk
801#0$aRU
$bПБ им. Б.Н. Ельцина
$c20210903
801#1$aRU
$bПБ им. Б.Н. Ельцина
$c20210903
$2rusmarc
801#2$aRU
$bПБ им. Б.Н. Ельцина
$c20210907
$2rusmarc
850##$aРоссийский государственный архив кинофотодокументов
852##$aРГАКФД
$jАрх. № 13471
8564#$nПБ им. Б.Н. Ельцина
$uhttp://readingroom.main.prlib.ru/item.aspx?id_node=n167932218&mode=full
$d6151
035##$aLIBNET\0001181068
937##$d167932218
$hФедеральное архивное агентство
Формат отображения